Представление документа в формате MARC21

Поле Инд. ПП Название Значение
Тип записи a
Библиографический уровень m
001 _ Контрольный номер RU/ЭБС IPR BOOKS/82292
005 Дата корректировки 20250915131110.1
008 Кодируемые данные 211122s2017 RU y f j 000 1 rus u
020 a ISBN 978-5-4383-0037-3
040 c Служба, преобразующая запись ЭБС IPR BOOKS
041 a Код языка текста rus
044 a Код страны публикации RU
080 a Индекс УДК 336.24
084 2 Источник индекса rubbk
a Индекс другой классификации/Индекс ББК 65.5
100 1_ a Автор Бякин, Г. И.
4 Код отношения 070
245 a Заглавие Таможенные операции
b Продолж. заглавия учебное пособие
c Ответственность Г. И. Бякин; под редакцией Н. А. Галикеева
250 g 2023-01-18
a Основные сведения об издании Таможенные операции
256 a Характеристики компьютерного файла Электрон. дан. (1 файл)
260 a Место издания Санкт-Петербург
b Издательство Интермедия
c Дата издания 2017
300 a Объем 268 с.
500 a Примечание Книга не входит в премиум-версию ЭБС IPR BOOKS.
516 a Прим. о типе комп. файла/ данных Текст
520 a Аннотация В учебном пособии излагаются современные теоретические и практические знания по совершению таможенных операций в отношении ввозимых и вывозимых товаров (основные принципы перемещения товаров через таможенную границу, прибытие, временное хранение, декларирование, выпуск, убытие товаров). Представленные таможенные операции рассматриваются с позиций таможенного законодательства ТС и России, а также положений современных таможенных и информационных технологий. Учебное пособие предназначено для сотрудников таможенных органов, декларантов, специалистов по таможенным операциям и студентов, обучающихся по специальности «Таможенное дело». Автор выражает глубокую благодарность Н.Н. Пушкаревой за помощь в подготовке книги.
521 a Примеч. о целев. назн. Гарантированный срок размещения в ЭБС до 18.01.2023 (автопролонгация)
538 a Прим. о системных особенностях электронный
653 a Ключевые слова таможенная операция
653 a Ключевые слова ввозимый товар
653 a Ключевые слова вывозимый товар
700 1_ a Другие авторы Галикеева, Н. А.
4 Код отношения 340
856 4_ u URL http://www.iprbookshop.ru/82292.html
z Примечание для пользователя Участвует в КО